| 000 | 00383nam a2200145 a 4500 | ||
|---|---|---|---|
| 001 | 2612 | ||
| 003 | CDMR | ||
| 005 | 20151126120001.0 | ||
| 008 | 130130s ||||||||||||||||||||||||||||d | ||
| 040 |
_aCDMR _bcat _cCDMR |
||
| 100 | 1 |
_91954 _aRoma, Humbert |
|
| 245 | 1 | 4 |
_aLos agricultores franceses en la crisis de mayo de 1968 _cHumberto Roma de Asso |
| 260 | _aBarcelona | ||
| 942 |
_cTSN _2udc |
||
| 999 |
_c2612 _d2612 |
||